Teoretický a experimentálny výskum termického zadierania HCR ozubenia v hybridných pohonoch automobilov
Saved in:
| Main Author: | |
|---|---|
| Other Authors: | |
| Format: | Manuscript Book |
| Language: | Slovak |
| Published: |
2015
|
| Subjects: | |
| Online Access: | http://is.stuba.sk/zp/portal_zp.pl?podrobnosti=98254 |
| Tags: |
No Tags, Be the first to tag this record!
|
MARC
| LEADER | 00000ntm a22000003a 4500 | ||
|---|---|---|---|
| 001 | stuzp35466 | ||
| 003 | SK-STU | ||
| 005 | 20160719152941.0 | ||
| 007 | ta | ||
| 008 | 150427s2015----xo-----f-mn---000-0-slo-d | ||
| 040 | |a STU |b slo | ||
| 041 | 0 | |a slo | |
| 100 | 1 | |a Krajčovič, Adam |u 020030 |4 aut |U SjF Strojnícka fakulta |T SjF Ústav dopravnej techniky a konštruovania |X 41293 |U J0030 |Y 806 |7 A000041293 | |
| 242 | 0 | 1 | |a Theoretical and experimental research of thermal scuffing in HCR gears used in hybrid vehicle drives |y eng |
| 245 | 1 | 0 | |a Teoretický a experimentálny výskum termického zadierania HCR ozubenia v hybridných pohonoch automobilov |
| 260 | |c 2015 | ||
| 300 | |a 103 s. | ||
| 650 | 4 | |a vnútorné ozubenie |2 slo | |
| 650 | 4 | |a optimalizácia geometrie ozubenia |2 slo | |
| 650 | 4 | |a HCR ozubenie |2 slo | |
| 650 | 4 | |a FZG meracie zariadenie |2 slo | |
| 650 | 4 | |a integrálna teplota |2 slo | |
| 650 | 4 | |a termické zadieranie |2 slo | |
| 650 | 4 | |a the gear geometry optimization |2 eng | |
| 650 | 4 | |a HCR gearing |2 eng | |
| 650 | 4 | |a FZG experimental device |2 eng | |
| 650 | 4 | |a integral temperature |2 eng | |
| 650 | 4 | |a inner gear |2 eng | |
| 650 | 4 | |a thermal scuffing |2 eng | |
| 700 | 1 | |a Vereš, Miroslav |4 ths |X 2404 |7 A000002404 | |
| 856 | 4 | |u http://is.stuba.sk/zp/portal_zp.pl?podrobnosti=98254 | |
| 996 | |b 284J044499 |c J* 117781 |l JJST |s P |a 0 |w stuzp35466_0001 | ||
| SQL | |a stuzp35466 |b DDZ |c SLO |d Teoretický a experimentálny výskum termického zadierania HCR ozubenia v hybridných pohonoch automobilov |e 41293 |f Krajčovič, Adam |g 020030 |h 2404 |i Vereš, Miroslav |j 20150827 |k 65 |l 02 |m http://is.stuba.sk/zp/portal_zp.pl?podrobnosti=98254 |n D-DT |o 5.2.3. dopravné stroje a zariadenia | ||